| 000 | 00427nam a2200169Ia 4500 | ||
|---|---|---|---|
| 003 | GCL | ||
| 008 | 140319s9999 xx 000 0 eng d | ||
| 040 |
_aGCL / _cGCL |
||
| 082 | 0 | 4 |
_a745.592 _bLM |
| 100 | 1 | _aLYNN, TOM | |
| 245 | 1 | 0 |
_aMAKING MERVOULES WOOD TOYS / _cLYNN, TOM |
| 260 |
_a[S.N] : _bSTERLING PUBLISHING CO. INC. ، _c1988 |
||
| 300 | _a128 P | ||
| 650 | 0 | 4 | _aWOOD TOY MAKING |
| 650 | 0 | 4 | _aTOYS |
| 942 |
_2ddc _cBK |
||
| 999 |
_c20677 _d20677 |
||